|
|
|
|
| LEADER |
00000nam a22000005a 4500 |
| 003 |
CL-ChBUA |
| 005 |
20150130110534.0 |
| 008 |
150130s1966 ag ||||| |||| 000 ||spa |
| 040 |
|
|
|a CL-ChBUA
|c CL-ChBUA
|
| 082 |
0 |
0 |
|a 109.2
|
| 100 |
1 |
|
|a Jaspers, Karl
|
| 245 |
1 |
0 |
|a Los grandes filósofos :
|b Los hombres decisivos. Sócrates - Buda - Confucio - Jesús
|c Karl Jaspers
|
| 260 |
|
|
|a Buenos Aires
|b Sur
|c 1966
|
| 300 |
|
|
|a 253 páginas
|c 21 centímetros
|
| 504 |
|
|
|a índice
|
| 600 |
|
4 |
|a CONFUCIO
|
| 600 |
|
4 |
|a GAUTAMA BUDDHA
|
| 600 |
|
4 |
|a JESUCRISTO
|
| 600 |
|
4 |
|a SOCRATES
|d 470-39 A.C.
|
| 650 |
|
4 |
|a FILOSOFOS
|
| 942 |
|
|
|2 ddc
|c LIB
|
| 952 |
|
|
|0 0
|1 0
|2 ddc
|4 0
|6 109_200000000000000_J_39
|7 0
|9 1143912
|a UNACH
|b UNACH
|c 100
|d 2015-01-30
|i 54.894
|l 1
|o 109.2 / J 39
|p 81803
|r 2018-04-16 00:00:00
|s 2016-05-30
|t 1
|w 2015-01-30
|y LIB
|
| 999 |
|
|
|c 2181802
|d 2181802
|